<?xml version="1.0" encoding="UTF-8"?><?xml-stylesheet type="text/xsl" href="static/style.xsl"?><OAI-PMH xmlns="http://www.openarchives.org/OAI/2.0/" xmlns:xsi="http://www.w3.org/2001/XMLSchema-instance" xsi:schemaLocation="http://www.openarchives.org/OAI/2.0/ http://www.openarchives.org/OAI/2.0/OAI-PMH.xsd"><responseDate>2026-04-14T03:19:42Z</responseDate><request verb="GetRecord" identifier="oai:www.recercat.cat:11351/12470" metadataPrefix="marc">https://recercat.cat/oai/request</request><GetRecord><record><header><identifier>oai:recercat.cat:11351/12470</identifier><datestamp>2025-10-24T10:28:58Z</datestamp><setSpec>com_2072_378070</setSpec><setSpec>com_2072_378040</setSpec><setSpec>col_2072_378092</setSpec></header><metadata><record xmlns="http://www.loc.gov/MARC21/slim" xmlns:dcterms="http://purl.org/dc/terms/" xmlns:xsi="http://www.w3.org/2001/XMLSchema-instance" xmlns:doc="http://www.lyncode.com/xoai" xsi:schemaLocation="http://www.loc.gov/MARC21/slim http://www.loc.gov/standards/marcxml/schema/MARC21slim.xsd">
   <leader>00925njm 22002777a 4500</leader>
   <datafield ind2=" " ind1=" " tag="042">
      <subfield code="a">dc</subfield>
   </datafield>
   <datafield ind2=" " ind1=" " tag="720">
      <subfield code="a">Martínez López, María</subfield>
      <subfield code="e">author</subfield>
   </datafield>
   <datafield ind2=" " ind1=" " tag="720">
      <subfield code="a">Martinez-Lopez, Pilar</subfield>
      <subfield code="e">author</subfield>
   </datafield>
   <datafield ind2=" " ind1=" " tag="720">
      <subfield code="a">VERDAGUER TREMOLOSA, MIREIA</subfield>
      <subfield code="e">author</subfield>
   </datafield>
   <datafield ind2=" " ind1=" " tag="720">
      <subfield code="a">Gonçalves, Rodrigues</subfield>
      <subfield code="e">author</subfield>
   </datafield>
   <datafield ind2=" " ind1=" " tag="720">
      <subfield code="a">LOPEZ-CANO, MANUEL</subfield>
      <subfield code="e">author</subfield>
   </datafield>
   <datafield ind2=" " ind1=" " tag="260">
      <subfield code="c">2025-01-23T08:20:02Z</subfield>
   </datafield>
   <datafield ind2=" " ind1=" " tag="260">
      <subfield code="c">2025-01-23T08:20:02Z</subfield>
   </datafield>
   <datafield ind2=" " ind1=" " tag="260">
      <subfield code="c">2024-11-26</subfield>
   </datafield>
   <datafield ind2=" " ind1=" " tag="520">
      <subfield code="a">Abdominal trauma; Abdominal wall infection; Retromuscular abscess</subfield>
   </datafield>
   <datafield ind2=" " ind1=" " tag="520">
      <subfield code="a">Traumatisme abdominal; Infecció de la paret abdominal; Abscés retromuscular</subfield>
   </datafield>
   <datafield ind2=" " ind1=" " tag="520">
      <subfield code="a">Traumatismo abdominal; Infección de la pared abdominal; Absceso retromuscular</subfield>
   </datafield>
   <datafield ind2=" " ind1=" " tag="520">
      <subfield code="a">Aim: To discuss extended retrorectal abscess secondary to blunt abdominal trauma as a cause of abdominal wall (AW) infection and impairment.&#xd;
Methods: According to the CARE checklist, we describe a rare case of blunt abdominal trauma with late diagnosis of jejunal perforation with an abscess that extensively dissected the retromuscular space.&#xd;
Results: A 65 years-old female patient experienced multiple traumas after a traffic collision. Ten days after admission, the patient presented with swelling in the right abdomen. CT scan showed localised pneumoperitoneum and extensive collection affecting the right retrorectal space, reaching the ribs and preperitoneal space. Urgent laparotomy was performed and jejunal perforation with biliary peritonitis and extraperitoneal extension with dissection of the right retrorectal space were found. Intestinal resection with anastomosis was then performed. Exhaustive lavage of the cavity and retromuscular space with debridement of the necrotic posterior rectus lamina was required. Retrorectal drainage was placed. Primary closure of the aponeurosis was achieved using a small-bites technique with a slowly absorbable monofilament suture. Due to the weakness of the abdominal wall, an absorbable biosynthetic mesh impregnated with gentamicin was placed onlay. Negative pressure therapy was applied to the closed wound. Patient received antibiotics and CTs showed favourable evolution. No infectious complications or incisional hernia were reported after 12 months of follow-up.&#xd;
Conclusion: No cases of blunt trauma causing extensive AW infection have been reported in the literature. Whilst rare, this should be considered in traumatic patients. Our experience shows that they can be managed with surgical drainage and absorbable meshes can be considered in cases of fascial loss.</subfield>
   </datafield>
   <datafield ind1="8" ind2=" " tag="024">
      <subfield code="a">http://hdl.handle.net/11351/12470</subfield>
   </datafield>
   <datafield tag="653" ind2=" " ind1=" ">
      <subfield code="a">Paret abdominal - Cirurgia</subfield>
   </datafield>
   <datafield tag="653" ind2=" " ind1=" ">
      <subfield code="a">Paret abdominal - Infeccions</subfield>
   </datafield>
   <datafield tag="653" ind2=" " ind1=" ">
      <subfield code="a">Intestins - Malalties - Cirurgia</subfield>
   </datafield>
   <datafield tag="653" ind2=" " ind1=" ">
      <subfield code="a">Paret abdominal - Ferides i lesions</subfield>
   </datafield>
   <datafield tag="653" ind2=" " ind1=" ">
      <subfield code="a">DISEASES::Bacterial Infections and Mycoses::Infection::Suppuration::Abscess::Abdominal Abscess</subfield>
   </datafield>
   <datafield tag="653" ind2=" " ind1=" ">
      <subfield code="a">DISEASES::Wounds and Injuries::Abdominal Injuries</subfield>
   </datafield>
   <datafield tag="653" ind2=" " ind1=" ">
      <subfield code="a">DISEASES::Digestive System Diseases::Gastrointestinal Diseases::Intestinal Diseases::Intestinal Perforation</subfield>
   </datafield>
   <datafield tag="653" ind2=" " ind1=" ">
      <subfield code="a">Other subheadings::Other subheadings::Other subheadings::/surgery</subfield>
   </datafield>
   <datafield tag="653" ind2=" " ind1=" ">
      <subfield code="a">ENFERMEDADES::infecciones bacterianas y micosis::infección::supuración::absceso::absceso abdominal</subfield>
   </datafield>
   <datafield tag="653" ind2=" " ind1=" ">
      <subfield code="a">ENFERMEDADES::heridas y lesiones::traumatismos abdominales</subfield>
   </datafield>
   <datafield tag="653" ind2=" " ind1=" ">
      <subfield code="a">ENFERMEDADES::enfermedades del sistema digestivo::enfermedades gastrointestinales::enfermedades intestinales::perforación intestinal</subfield>
   </datafield>
   <datafield tag="653" ind2=" " ind1=" ">
      <subfield code="a">Otros calificadores::Otros calificadores::Otros calificadores::/cirugía</subfield>
   </datafield>
   <datafield ind2="0" ind1="0" tag="245">
      <subfield code="a">Case Report: Abdominal Wall Abscess as First Clinical Sign of Jejunal Perforation After Blunt Abdominal Trauma</subfield>
   </datafield>
</record></metadata></record></GetRecord></OAI-PMH>